[Event "Ch Germany (juniors) (team) (under 18)"]
[Site "Winterberg (Germany)"]
[Round "9"]
[White "Jenull Marco (GER)"]
[Black "Korotkjevich Stanislav (UKR)"]
[Result "0-1"]
[WhiteElo "2120"]
[BlackElo "2318"]

1.Nf3 Nf6 2.c4 g6 3.Nc3 Bg7 4.d4 O-O 5.e4 d6 6.Be2 Nbd7 7.O-O e5 8.d5 Nc5
9.Qc2 a5 10.Bg5 h6 11.Be3 b6 12.Ne1 Ng4 13.Bd2 f5 14.f3 Nf6 15.g3 f4 16.g4 h5
17.h3 Nh7 18.Ng2 Ng5 19.h4 hxg4 20.fxg4 Nh7 21.Bf3 Nf6 22.Qd1 g5 23.hxg5 Nh7
24.Be1 Nxg5 25.Bh4 Bf6 26.Bxg5 Bxg5 27.Kf2 Kg7 28.Rh1 Rh8 29.Rh5 Rxh5 30.gxh5
Qd7 31.Ke2 a4 32.Kd2 Qh3 33.Qe2 Kh6 34.Nb5 Bg4 35.Rf1 Rc8 36.Nc3 Rg8 37.Ne1
Bh4 {#R} 0-1

[Event "Ch NRW (1 liga)"]
[Site "Germany"]
[Date "2002.10.06"]
[Round "1"]
[White "Kistella Roman (GER)"]
[Black "Wisskirchen Andreas (GER)"]
[Result "0-1"]
[WhiteElo "2278"]
[BlackElo "2252"]

1.d4 Nf6 2.c4 g6 3.Nc3 Bg7 4.e4 d6 5.Be2 O-O 6.Nf3 e5 7.O-O Nbd7 8.d5 Nc5
9.Qc2 a5 10.Bg5 h6 11.Be3 Nh5 12.g3 Bg4 13.Nh4 Bh3 14.Rfd1 Nf4 15.Bf3 Kh7
16.Ng2 Nxg2 17.Bxg2 Bxg2 18.Kxg2 Nd7 19.f3 f5 20.Bf2 Qg5 21.Nb5 Rac8 22.Rd3
Rf7 23.Re1 Nf6 24.Qd2 Qh5 25.h3 fxe4 26.fxe4 Rcf8 27.Bg1 g5 28.g4 Qg6 29.Qe2
Ne8 30.Nc3 Rf4 31.Bh2 Rf2+ 32.Qxf2 Rxf2+ 33.Kxf2 Nf6 34.Rf3 h5 35.Rg3 hxg4
36.hxg4 Kg8 37.Kg2 Qh7 38.Bg1 c6 39.Bb6 cxd5 40.cxd5 Bf8 41.Bd8 Be7 42.Bxa5
Nd7 43.Rh1 Qf7 44.Rf3 Qe8 45.Rfh3 Bf6 46.Bb4 Nf8 47.Rf3 Be7 48.Kg3 Ng6 49.a4
Nh4 50.Rf2 Qa8 51.b3 Qa7 52.Nd1 Qd4 53.Bd2 Qxe4 54.Rhf1 Qxd5 55.b4 e4 56.Ne3
Qe5+ 57.Kh3 Nf3 58.Rxf3 exf3 59.Rxf3 Qe4 60.Rf5 Qd3 61.Rd5 Qe2 62.Nf5 Qf3+
63.Kh2 Bf6 64.Nh6+ Kh7 65.Rf5 Be5+ {#R} 0-1

[Event "Bundesliga (2nd) North 2002/03"]
[Site "Germany"]
[Date "2002.10.20"]
[Round "1"]
[White "Hochgraefe Markus (GER)"]
[Black "Stanke Juergen (GER)"]
[Result "1-0"]
[WhiteElo "2331"]
[BlackElo "2322"]

1.Nf3 Nf6 2.c4 d6 3.d4 Nbd7 4.Nc3 e5 5.e4 g6 6.Be2 Bg7 7.O-O O-O 8.d5 Nc5
9.Qc2 a5 10.Bg5 h6 11.Be3 b6 12.Nd2 Bd7 13.b3 Qe7 14.a3 Ra7 15.b4 Nb7 16.Nb3
Rfa8 17.Nb5 Bxb5 18.cxb5 axb4 19.axb4 Rxa1 20.Rxa1 Rxa1+ 21.Nxa1 Qd8 22.Nb3
Qb8 23.Nd2 Nd8 24.Qa2 h5 25.f3 Bf8 26.Bf1 Kh7 27.Qa6 Bh6 28.Bxh6 Kxh6 29.g3
Ng8 30.Bh3 Kg7 31.Nf1 Nh6 32.Ne3 f6 33.Bc8 Ndf7 34.h4 Ng8 35.Kf2 Ne7 36.Be6
Nh6 37.g4 hxg4 38.fxg4 Qd8 39.Qb7 g5 40.h5 Kf8 41.Ke2 Nhg8 42.Kd3 Kg7 43.Kc4
Kh7 44.Kb3 Kh6 45.Nc4 f5 46.exf5 Nf6 47.Ne3 Kg7 48.Kc4 Neg8 49.Bxg8 Kxg8
50.Kd3 Kh7 51.Ke2 Kh6 52.Kf3 e4+ 53.Kg2 Kg7 54.Qa7 Qd7 55.Kh3 Qf7 56.Qa1 Kg8
57.Qd4 Kh7 58.Kg3 Kg8 59.Qd2 Kh7 60.Qa2 Qe7 61.Qb2 Qf7 62.Qd4 Kg8 63.Kg2 Kh7
64.Qc4 Qe7 65.Qc6 Qd8 66.Qb7 Kg8 67.Kh3 Kf8 68.Nc2 Ne8 69.Qc6 Qf6 70.Qc4 Qe5
71.Nd4 Kg8 72.Ne2 Qe7 73.Qd4 Kh7 74.Kg3 Nf6 75.Nc3 Kg8 76.Kg2 Kf7 77.Kf1 Nxg4
78.Nxe4 Ne5 79.Qe3 Qd7 80.Qxg5 Qxb5+ 81.Kf2 Qxd5 82.Qf6+ Ke8 83.Qh8+ Ke7
84.Qg7+ Qf7 85.f6+ Kd7 86.Ng5 Ng4+ 87.Kg3 Qxg7 88.fxg7 Nh6 89.Nf7 Nf5+ 90.Kh2
{#r} 1-0

[Event "Ch Provinciale MN"]
[Site "Mantova (Italy)"]
[Date "2002.12.08"]
[Round "2"]
[White "Gualazzi Paolo"]
[Black "Goldoni Claudio (ITA)"]
[Result "0-1"]
[WhiteElo "1642"]
[BlackElo "1971"]

1.d4 Nf6 2.c4 d6 3.Nf3 g6 4.Nc3 Bg7 5.e4 O-O 6.Be2 Nbd7 7.O-O e5 8.d5 Nc5
9.Qc2 a5 10.Bg5 h6 11.Be3 b6 12.a3 Ng4 13.Bxc5 bxc5 14.h3 Nf6 15.Nb5 Nh5
16.Ne1 Nf4 17.Bf3 f5 18.Nd3 fxe4 19.Bxe4 Qg5 20.Nxf4 exf4 21.Nxc7 Bxh3 22.Ne6
Bxe6 23.dxe6 Rab8 24.Bd5 Kh7 25.Qd3 Rxb2 26.Rae1 Be5 27.Bf3 Rfb8 28.Qd5 h5
29.Qc6 Qe7 30.Qd7 Qxd7 31.exd7 Kg7 32.Bc6 Kf6 33.Bb5 Rb3 34.a4 h4 35.Rb1 Ra3
36.Bc6 Rd8 37.Rb7 Ra1 38.Rxa1 Bxa1 39.Rc7 Ke6 40.Rc8 Bf6 41.f3 Ke5 42.Rxd8
Bxd8 43.Kf2 Kd4 44.Bb5 d5 45.cxd5 Kxd5 46.Ke2 Kd4 47.Kd2 c4 48.Kc2 g5 49.Kd2
Bf6 50.Bc6 Kc5 51.Be4 Kd4 52.Bf5 Kc5 53.Bc2 Kd4 54.Bf5 Ke5 55.Bh3 Kd4 56.Bf5
Kc5 57.Bc2 Kb4 58.Kc1 Kc3 59.Bf5 Bd8 60.Be4 Kb4 61.Bc6 Kb3 62.Bb5 Be7 63.Bc6
c3 64.Bd5+ Kxa4 65.Kc2 Kb4 {#R} 0-1

[Event "Tournament"]
[Site "Ille et Vilaine (France)"]
[Date "2002.12.21"]
[Round "4"]
[White "Prioul Jean (FRA)"]
[Black "Le Tue Anthony"]
[Result "0-1"]
[WhiteElo "1917"]
[BlackElo "1770"]

1.d4 Nf6 2.c4 g6 3.Nc3 Bg7 4.e4 d6 5.Nf3 O-O 6.Be2 e5 7.O-O Nbd7 8.d5 Nc5
9.Nd2 a5 10.f3 Nh5 11.Nb3 Nxb3 12.axb3 Kh8 13.b4 b6 14.bxa5 bxa5 15.Re1 Bd7
16.Be3 f5 17.c5 f4 18.Bf2 dxc5 19.Bxc5 Ng3 20.Bxf8 Bxf8 21.d6 Bxd6 22.Qd5 Be6
23.Qc6 Bd7 24.Qc4 Be6 25.Nd5 c6 26.hxg3 fxg3 27.Rec1 Qh4 28.Bd1 Qh2+ 29.Kf1
Qh1+ 30.Ke2 Qxg2+ 31.Kd3 cxd5 32.Qc6 dxe4+ 33.fxe4 Rd8 34.Rc2 Bc5+ 35.Qd5
Rxd5+ 36.exd5 Qxd5+ {#R} 0-1

[Event "It (open)"]
[Site "Arco (Italy)"]
[Round "8"]
[White "Agostini Guillermo (ITA)"]
[Black "Miatello Alberto (ITA)"]
[Result "0-1"]
[WhiteElo "2067"]
[BlackElo "2087"]

1.d4 Nf6 2.Nf3 g6 3.c4 Bg7 4.Nc3 d6 5.e4 O-O 6.Be2 e5 7.O-O Nbd7 8.d5 Nc5
9.Nd2 Bh6 10.b4 Bxd2 11.Bxd2 Ncxe4 12.Nxe4 Nxe4 13.Be1 f5 14.f3 Nf6 15.f4 exf4
16.Rxf4 Qe7 17.Bf2 Bd7 18.Bd4 Rae8 19.Bf3 g5 {#R} 0-1

[Event "It (open)"]
[Site "Arco (Italy)"]
[Round "9"]
[White "Happel Hendrik A (NED)"]
[Black "Ivanov Mikhail M (RUS)"]
[Result "0-1"]
[WhiteElo "2229"]
[BlackElo "2453"]

1.d4 Nf6 2.c4 g6 3.Nc3 Bg7 4.e4 d6 5.Nf3 O-O 6.Be2 Nbd7 7.O-O e5 8.d5 Nc5
9.Qc2 a5 10.Bg5 h6 11.Be3 b6 12.Nd2 Ng4 13.Bxg4 Bxg4 14.a3 Na6 15.Rab1 f5
16.f3 Bh5 17.b4 f4 18.Bf2 axb4 19.axb4 g5 20.c5 bxc5 21.bxc5 Nxc5 22.Bxc5 dxc5
23.Nb5 g4 24.Nb3 gxf3 25.gxf3 Rf6 26.Nxc5 Rg6+ 27.Kh1 Qh4 28.Rf2 Qh3 29.Rbf1
Bxf3+ {#R} 0-1

[Event "Moravian League 2002/03 (2nd) (c)"]
[Site "Czech Republic"]
[Round "8"]
[White "Rubal Adam (CZE)"]
[Black "Hastik Svatopluk (CZE)"]
[Result "1-0"]
[WhiteElo "2225"]
[BlackElo "2116"]

1.d4 g6 2.c4 Bg7 3.Nc3 d6 4.Nf3 Nf6 5.e4 O-O 6.Be2 e5 7.O-O Nbd7 8.d5 Nc5
9.Nd2 a5 10.b3 h5 11.a3 Bg4 12.f3 Bd7 13.Rb1 h4 14.b4 axb4 15.axb4 Na4 16.Nxa4
Rxa4 17.c5 Ra8 18.Nc4 Nh5 19.Be3 Nf4 20.Na5 Bc8 21.cxd6 cxd6 22.Qd2 Qg5 23.Bb5
Bh6 24.Kh1 f5 25.Rbc1 fxe4 26.fxe4 Rf7 27.Nc4 Bf8 28.Nb6 Ra3 29.Bxf4 exf4
30.Nxc8 Qe5 31.Rf3 Ra1 32.Rxa1 Qxa1+ 33.Rf1 Qe5 34.Nb6 Qxe4 35.Bd7 Kh8 36.Re1
f3 37.Rxe4 f2 38.Rxh4+ Kg8 39.Qxf2 Rxf2 40.Kg1 {#r} 1-0

[Event "Cup of STEK (cat.3)"]
[Site "Donskoj (Russia)"]
[Round "11"]
[White "Filipov Ilya (RUS)"]
[Black "Brikov Illarion (RUS)"]
[Result "0-1"]
[WhiteElo "2202"]
[BlackElo "2388"]

1.d4 Nf6 2.c4 g6 3.Nc3 Bg7 4.e4 d6 5.Nf3 O-O 6.Be2 e5 7.d5 Nbd7 8.O-O Nc5
9.Qc2 a5 10.Bg5 h6 11.Be3 Nfd7 12.Nd2 f5 13.f4 exf4 14.Rxf4 Ne5 15.Bxc5 dxc5
16.exf5 Bxf5 17.Nde4 Qe7 18.Re1 Qd7 19.Qd1 g5 20.Rff1 b6 21.Ng3 Bg6 22.h3 Bh8
23.Nce4 Rf4 24.Bh5 Bh7 25.Qe2 Raf8 26.b3 Bg7 27.Rd1 Qd8 28.Rf2 Ng6 29.Rxf4
Nxf4 30.Qg4 Qe7 31.Re1 Bc3 32.Rc1 Bxe4 33.Rxc3 Bxg2 {#R} 0-1

[Event "It (open)"]
[Site "Longerich (Germany)"]
[Round "3"]
[White "Schwark Mario"]
[Black "Bonnmann Reinhard (GER)"]
[Result "0-1"]
[WhiteElo "1814"]
[BlackElo "2289"]

1.d4 Nf6 2.c4 g6 3.Nc3 Bg7 4.e4 d6 5.Be2 O-O 6.Nf3 e5 7.O-O Nbd7 8.d5 Nc5
9.Nd2 a5 10.b3 Ne8 11.Re1 f5 12.f3 Nf6 13.Rb1 Bh6 14.Bf1 Nh5 15.a3 Bf4 16.g3
Qg5 17.Bg2 Be3+ 18.Kf1 Nd3 19.f4 Qxg3 20.Re2 Qxf4+ 21.Nf3 Nxc1 22.Rxe3 Qxe3
23.Qxc1 Qd3+ 24.Kg1 Nf4 25.Rb2 Nxg2 26.Rxg2 Qxf3 {#R} 0-1

[Event "Landesliga 2002/03"]
[Site "Mecklenburg-Vorpommern (Germany)"]
[Round "4"]
[White "Leisner Hannes (GER)"]
[Black "Hodl Ingolf Dr (GER)"]
[Result "0-1"]
[WhiteElo "2022"]
[BlackElo "2129"]

1.d4 Nf6 2.c4 g6 3.Nc3 Bg7 4.e4 O-O 5.Nf3 d6 6.Be2 Nbd7 7.O-O e5 8.d5 Nc5
9.Qc2 a5 10.Bg5 h6 11.Be3 b6 12.Nd2 Ng4 13.Bxg4 Bxg4 14.b3 f5 15.f3 Bh5 16.a3
f4 17.Bf2 g5 18.b4 Nd7 19.c5 bxc5 20.bxc5 Nxc5 21.Bxc5 dxc5 22.Na4 c6 23.dxc6
Rf6 24.Rab1 Rxc6 25.Nc4 Bf7 26.Rfd1 Qc7 27.Nab6 Rd8 28.Rxd8+ Qxd8 29.Rd1 Qb8
30.Nd7 Qc7 31.Qc3 Be6 32.Nxa5 Bxd7 33.Nxc6 Qxc6 34.Rc1 Bf8 35.Qxe5 c4 36.h4
Bxa3 37.Rc3 Qc5+ 38.Qxc5 Bxc5+ 39.Kh2 Be6 40.hxg5 hxg5 41.g3 Bb4 42.Rc2 c3
43.gxf4 gxf4 44.Rc1 Bb3 45.Kh3 c2 46.Kg4 Bd2 47.Rxc2 Bxc2 48.Kf5 Kf7 49.Kg5
{#R} 0-1

[Event "It (open)"]
[Site "Stare Mesto (Czech Republic)"]
[Round "9"]
[White "Dobrev Nanko (BUL)"]
[Black "Jasny Stanislav (CZE)"]
[Result "1-0"]
[WhiteElo "2416"]
[BlackElo "1858"]

1.d4 Nf6 2.Nf3 d6 3.c4 Nbd7 4.Nc3 e5 5.e4 g6 6.Be2 Bg7 7.O-O O-O 8.d5 Nc5
9.Qc2 a5 10.Bg5 h6 11.Be3 b6 12.Nd2 Bg4 13.f3 Bd7 14.b3 Nh7 15.a3 Qh4 16.b4
Na6 17.Rab1 Ng5 18.Rfc1 f5 19.h3 Nxh3+ 20.gxh3 Qg3+ 21.Kf1 fxe4 22.Bf2 Qxh3+
23.Ke1 exf3 24.Bf1 Qg4 25.Nde4 Bf5 26.Bd3 h5 27.Be3 f2+ 28.Kd2 axb4 29.axb4
Qg2 30.Rf1 Bh3 31.Rxf2 Rxf2+ 32.Nxf2 Rf8 33.Ne4 Bf5 34.Kc3 Nb8 35.Kb3 Nd7
36.Qd2 h4 37.Rh1 h3 38.Bf1 Qf3 39.Be2 Qg2 40.Bf1 Qf3 41.Ng5 Qg3 42.Bxh3 b5
43.Nfe4 bxc4+ 44.Kc3 {#r} 1-0

[Event "Ch Tenerife"]
[Site "Tenerife (Spain)"]
[Round "5"]
[White "Pinto Henriquez Rodrigo (ESP)"]
[Black "Martin Luis Cesar (ESP)"]
[Result "0-1"]
[WhiteElo "2251"]
[BlackElo "2215"]

1.d4 Nf6 2.c4 g6 3.Nc3 Bg7 4.Nf3 d6 5.e4 O-O 6.Be2 e5 7.O-O Nbd7 8.d5 Nc5
9.Nd2 a5 10.b3 Bh6 11.Qc2 Ne8 12.Nf3 Bxc1 13.Raxc1 f5 14.a3 Nf6 15.Nd2 Bd7
16.b4 axb4 17.axb4 Ncxe4 18.Ndxe4 fxe4 19.Nxe4 Nxe4 20.Qxe4 Rf4 21.Qe3 Ra4
22.b5 b6 23.Ra1 Ra8 24.g3 Rf8 25.Kg2 Qf6 26.h4 Kg7 27.Rh1 h6 28.h5 g5 29.Rhf1
Qf5 30.Kg1 Qh3 31.Ra6 Bg4 32.Rfa1 Bxe2 33.Qxe2 Rac8 34.R6a3 g4 35.Re3 Qxh5
36.Re4 Rf3 37.Ra7 Kh8 38.c5 bxc5 39.b6 cxb6 40.Qa6 Rcf8 41.Re2 Qf5 42.Qb7
Rxg3+ 43.Kf1 Qb1+ 44.Re1 Qd3+ 45.Re2 Qd1+ 46.Re1 Rxf2+ 47.Kxf2 Qf3# 0-1

[Event "Dos Hermanas Qualifier (17-A)"]
[Site "Internet"]
[Date "2003.03.17"]
[Round "4"]
[White "Dobrev Nanko (BUL)"]
[Black "Cangiotti Claudio (ITA)"]
[Result "1-0"]
[WhiteElo "2416"]
[BlackElo "2205"]

1.d4 Nf6 2.Nf3 g6 3.c4 Bg7 4.Nc3 d6 5.e4 O-O 6.Be2 Nbd7 7.O-O e5 8.d5 Nc5
9.Qc2 a5 10.Bg5 h6 11.Be3 Ne8 12.Nd2 f5 13.exf5 gxf5 14.f4 Qe7 15.Rae1 e4
16.Nb3 b6 17.Nd4 Bd7 18.Kh1 Kh8 19.Bg1 Nf6 20.h3 Nh5 21.Bxh5 {#r} 1-0

[Event "Ch Russia (students)"]
[Site "Ufa (Russia)"]
[Date "2004.05.13"]
[Round "9"]
[White "Filinberg Dmitriy (RUS)"]
[Black "Khadzhaev Rustem R (RUS)"]
[Result "1-0"]
[WhiteElo "2266"]
[BlackElo "2315"]

1.d4 g6 2.c4 Bg7 3.Nc3 d6 4.e4 Nf6 5.Be2 O-O 6.Nf3 Nbd7 7.O-O e5 8.d5 Nc5
9.Qc2 a5 10.Bg5 h6 11.Be3 Nh5 12.Rfe1 f5 13.Nd2 Nf6 14.f3 f4 15.Bf2 g5 16.a3
g4 17.b4 Na6 18.Rab1 Rf7 19.c5 Bf8 20.Nc4 Rg7 21.b5 g3 22.hxg3 fxg3 23.bxa6
bxa6 24.Be3 Nh5 25.f4 Nxf4 26.Bxf4 exf4 27.Bf3 Qh4 28.e5 Bg4 29.Bxg4 Rxg4
30.Ne4 Bg7 31.Ncd2 Qh2+ 32.Kf1 Bxe5 33.Qd3 f3 34.Nxf3 Qh1+ 35.Ke2 Qxg2+ 36.Kd1
Bg7 37.Rg1 Qh3 38.cxd6 cxd6 39.Nxd6 g2 40.Ne4 Rf8 41.Ke2 Rgf4 42.Ned2 Qg3
43.Rb6 Rd4 44.Qe3 Rg4 45.d6 h5 46.d7 Qc7 47.Qe6+ Kh8 48.Rc6 Qb7 49.Rc8 Qb5+
50.Ke1 {#r} 1-0

[Event "Memorial Karl Mala (open)"]
[Site "Frankfurt (Germany)"]
[Date "2004.07.25"]
[Round "7"]
[White "Lisanti Andre (GER)"]
[Black "Koester Roman (GER)"]
[Result "1-0"]
[WhiteElo "2281"]
[BlackElo "2125"]

1.d4 Nf6 2.c4 g6 3.Nc3 Bg7 4.e4 d6 5.Nf3 O-O 6.Be2 e5 7.O-O Nbd7 8.d5 Re8
9.Ne1 Nc5 10.f3 Nh5 11.b4 Na6 12.Qb3 Nf4 13.Bd1 c6 14.Be3 cxd5 15.cxd5 Bh6
16.Nb5 b6 17.Kh1 Kg7 18.Qc3 Qe7 19.Qd2 g5 20.a4 Bd7 21.Na3 Rec8 22.Bb3 Rc7
23.Nb5 Rcc8 24.Nc2 Nc7 25.Nc3 b5 26.a5 a6 27.Rac1 Ne8 28.Bb6 Rab8 29.Ne3 Kg8
30.Rc2 Nc7 31.Ned1 f6 32.Nf2 Na8 33.Ba7 Rb7 34.Bc5 Kh8 35.Be3 Rbc7 36.Rfc1 Bg7
37.g3 Ng6 38.Rb2 Qe8 39.Bd1 Bf8 40.Be2 Be7 41.Rbc2 Bf8 42.Bf1 Be7 43.Nfd1 Qf8
44.Bd3 Qe8 45.Bf2 Bf8 46.Ne3 Rb7 47.Qe1 Rbc7 48.Bf1 Rb7 49.Bg2 Rbc7 50.Qf1 Qd8
51.Bg1 Qe8 52.Qf2 Bg7 53.Bf1 Bf8 54.Bd3 Be7 55.Kg2 Bf8 56.Kf1 Be7 57.Ke1 Qf8
58.Qg2 Qh6 59.Nf5 Qf8 60.Kd1 Qf7 61.Ne3 Qf8 62.Qe2 Qe8 63.Nf1 Bf8 64.Nd2 Be7
65.Ndb1 Bf8 66.Na3 Be7 67.Be3 Bf8 68.Qf2 Rb7 69.Bf1 Rbc7 70.Bg2 Be7 71.Qf1 Bf8
72.Bh3 Rb7 73.Kd2 Rcc7 74.Kd3 Qc8 75.Bg4 Be7 76.Qh3 Kg7 77.Bf5 h6 78.Qg4 Bf8
79.h4 Bxf5 80.exf5 Ne7 81.hxg5 fxg5 82.f6+ Kxf6 83.Bxg5+ hxg5 84.Ne4+ {#r} 1-0

[Event "It (open)"]
[Site "Sautron (France)"]
[Round "9"]
[White "Zimmerman Yuri (ISR)"]
[Black "Tratar Marko (SLO)"]
[Result "0-1"]
[WhiteElo "2365"]
[BlackElo "2473"]

1.d4 Nf6 2.c4 d6 3.Nc3 Nbd7 4.e4 e5 5.Nf3 g6 6.d5 Bg7 7.Be2 O-O 8.O-O Nc5
9.Qc2 a5 10.Bg5 h6 11.Be3 b6 12.Nd2 Ng4 13.Bxg4 Bxg4 14.a3 Na6 15.Rab1 Bd7
16.b4 f5 17.exf5 gxf5 18.f4 Qf6 19.Ne2 axb4 20.axb4 Be8 21.Ng3 Bg6 22.Rb3 Qf7
23.Rfb1 Nb8 24.Nf3 Nd7 25.Qd2 Kh7 26.Nh4 Qf6 27.Nxg6 Qxg6 28.Rf1 Nf6 29.Qc2
Ne4 30.Nxe4 fxe4 31.Qd2 Rf7 32.Rbb1 exf4 33.Bxf4 Ra3 34.Be3 Rd3 35.Qe2 b5
36.cxb5 Rxf1+ 37.Rxf1 Rxd5 38.Rc1 Qf7 39.Qc2 Rd3 40.b6 cxb6 41.Bxb6 d5 42.Qf2
Qg6 43.b5 d4 44.Bc7 Qg5 45.Rb1 Rd2 46.Bf4 Rxf2 47.Bxg5 e3 48.Bh4 Rc2 49.Be1 d3
50.Kf1 Bd4 51.Ba5 Rf2+ 52.Ke1 d2+ 53.Bxd2 exd2+ {#R} 0-1

[Event "It (open)"]
[Site "Bad Wildbad (Germany)"]
[Date "2004.11.01"]
[Round "3"]
[White "Goy Udo (GER)"]
[Black "Richter Hildegard (GER)"]
[Result "1-0"]
[WhiteElo "2236"]
[BlackElo "1944"]

1.d4 Nf6 2.c4 g6 3.Nc3 Bg7 4.e4 d6 5.Nf3 O-O 6.Be2 e5 7.O-O Nbd7 8.d5 Nc5
9.Qc2 a5 10.Ne1 Re8 11.b3 c6 12.Bg5 Bd7 13.Nd3 b6 14.Nxc5 bxc5 15.Rad1 Qc7
16.Qd2 Rad8 17.f4 h6 18.fxe5 hxg5 19.exf6 Bh6 20.h4 Re5 21.Qe3 Kh7 22.Qg3 gxh4
23.Qxh4 Rh8 24.Rd3 Kg8 25.Qf2 Rg5 26.Rfd1 Bf8 27.Rg3 Rxg3 28.Qxg3 Qb8 29.Bg4
Be8 30.Re1 Qd8 31.e5 dxe5 32.Qxe5 Bd7 33.Bf3 Qc8 34.Na4 Qb7 35.Nc3 Qc8 36.Kf2
Rh4 37.Qg5 Rh8 38.dxc6 Bxc6 39.Bd5 Bxd5 40.Nxd5 Rh5 41.Ne7+ Bxe7 42.fxe7 {#r}
1-0

[Event "Memorial T.Petrosian (juniors)"]
[Site "Moscow (Russia)"]
[Round "9"]
[White "Lozbenev Pavel (RUS)"]
[Black "Sidorchuk Roman (RUS)"]
[Result "1-0"]
[WhiteElo "2118"]
[BlackElo "1995"]

1.d4 Nf6 2.c4 g6 3.Nc3 Bg7 4.e4 d6 5.Nf3 O-O 6.Be2 Nbd7 7.O-O e5 8.d5 Nc5
9.Qc2 a5 10.Bg5 h6 11.Be3 b6 12.Nd2 Ne8 13.a3 f5 14.exf5 gxf5 15.f4 e4 16.Nb3
Kh7 17.Nd4 a4 18.Nc6 Qd7 19.Rad1 Bb7 20.Nd4 Rg8 21.g4 Nf6 22.Nxf5 Nxg4 23.Nxe4
Qxf5 24.Ng5+ Kg6 25.Qxf5+ Kxf5 26.Bxc5 hxg5 27.Bd3+ Kf6 28.Bd4+ Kf7 29.fxg5+
Bf6 30.Bxf6 Rge8 31.Bd8+ {#r} 1-0

[Event "Memorial V.Syre (open)"]
[Site "Issy Les Moulineaux (France)"]
[Date "2005.05.06"]
[Round "3"]
[White "Ferre Sebastien (FRA)"]
[Black "Quach Charlie (FRA)"]
[Result "0-1"]
[WhiteElo "2028"]
[BlackElo "2102"]

1.d4 Nf6 2.c4 g6 3.Nc3 Bg7 4.e4 d6 5.Nf3 O-O 6.Be2 e5 7.O-O Nbd7 8.d5 Nc5
9.Nd2 a5 10.b3 Bh6 11.Qc2 Ne8 12.Nf3 Bxc1 13.Qxc1 f5 14.Nd2 Nf6 15.f3 Nh5
16.Rf2 Nf4 17.Qf1 Qg5 18.Kh1 Nxg2 19.Qxg2 Qxd2 20.Nb5 Rf7 21.Bf1 Qf4 22.Re2
Qh4 23.Qg3 Qf6 24.Bg2 Nd3 25.h4 a4 26.Rd2 Nf4 27.b4 b6 28.Rad1 Ba6 29.Bf1 Kh8
30.Qg5 Qg7 31.Nc3 h6 32.Qg1 Qf6 33.Rh2 a3 34.Ne2 fxe4 35.fxe4 Nh5 36.b5 Bb7
37.Bh3 Qf3+ {#R} 0-1

[Event "It (open) (b)"]
[Site "Cullera (Spain)"]
[Date "2005.07.26"]
[Round "4"]
[White "Moya Hernandez Alvaro (ESP)"]
[Black "Molina Ballester Sergio (ESP)"]
[Result "0-1"]
[WhiteElo "1809"]
[BlackElo "1985"]

1.d4 Nf6 2.c4 g6 3.Nc3 Bg7 4.e4 d6 5.Nf3 O-O 6.Be2 Nbd7 7.O-O e5 8.d5 Nc5
9.Qc2 a5 10.Bg5 h6 11.Be3 Nh5 12.Nd2 Nf4 13.Bxf4 exf4 14.Nb3 Nd7 15.Na4 Ne5
16.f3 b6 17.Nc1 Qg5 18.Kh1 f5 19.exf5 Bxf5 20.Bd3 Nxd3 21.Nxd3 Rae8 22.Qd2 Re3
23.Nf2 Rfe8 24.Rae1 Qe7 {#R} 0-1

[Event "Ch Bulgaria (team)"]
[Site "Sunny Beach (Bulgaria)"]
[Date "2005.09.30"]
[Round "5"]
[White "Dobrev Nanko (BUL)"]
[Black "Dimitrov Atanas (GRE)"]
[Result "1-0"]
[WhiteElo "2396"]
[BlackElo "2288"]

1.d4 d6 2.Nf3 Nf6 3.c4 g6 4.Nc3 Bg7 5.e4 O-O 6.Be2 e5 7.O-O Nbd7 8.d5 Nc5
9.Qc2 a5 10.Bg5 h6 11.Be3 b6 12.Nd2 Bg4 13.h3 Bxe2 14.Nxe2 Nfd7 15.g4 f5
16.exf5 gxf5 17.gxf5 Qh4 18.Kg2 Rae8 19.Ng3 e4 20.Bxc5 Nxc5 21.Rae1 Nd3
22.Rxe4 Rxe4 23.Ndxe4 Nf4+ 24.Kf3 Nxh3 25.Rh1 h5 26.Ke2 Re8 27.Kf1 Be5 28.Qe2
Rf8 29.Qxh5 Qxh5 30.Nxh5 Nf4 31.Nxf4 Bxf4 32.Rh5 Be5 33.b3 a4 34.f6 a3 35.Rg5+
Kh8 36.Rg6 Kh7 37.Rg7+ Kh6 38.Rxc7 Bxf6 39.Rc6 Bd4 40.Rxd6+ Kg7 41.Ke2 Rf4
42.Kd3 {#r} 1-0

[Event "Bundesliga 2005/06 (w)"]
[Site "Germany"]
[Date "2005.10.30"]
[Round "2"]
[White "Mai Iris (GER)"]
[Black "Jelica Mara (CRO)"]
[Result "1-0"]
[WhiteElo "2135"]
[BlackElo "2194"]

1.d4 Nf6 2.c4 g6 3.Nc3 Bg7 4.e4 d6 5.Nf3 O-O 6.Be2 e5 7.O-O Nbd7 8.d5 a5 9.Be3
h5 10.Bg5 Nc5 11.Nd2 Bd7 12.b3 Qe8 13.f3 Nh7 14.Be3 f5 15.a3 f4 16.Bf2 Na6
17.b4 axb4 18.axb4 Nxb4 19.Qb3 c5 20.dxc6 Nxc6 21.Rxa8 Qxa8 22.c5+ Kh8 23.cxd6
Nd4 24.Qb4 Nxe2+ 25.Nxe2 b5 26.Nb3 Nf6 27.Ra1 Qc6 28.Rc1 Qa8 29.Nc5 Rb8 30.Nc3
Qc6 31.Rd1 Ne8 32.Nxd7 Qxd7 33.Rd5 Bf8 34.Bc5 Ra8 35.h3 Ra1+ 36.Kh2 Nf6
37.Rxe5 Qd8 38.Re7 Bxe7 39.dxe7 Qd2 40.Qd4 Qxd4 41.Bxd4 Kg8 42.Bxf6 Kf7
43.Nxb5 {#r} 1-0

[Event "It (open)"]
[Site "Krakow (Poland)"]
[Date "2006.01.03"]
[Round "8"]
[White "Korobov Anton (UKR)"]
[Black "Mickiewicz Piotr (POL)"]
[Result "1-0"]
[WhiteElo "2543"]
[BlackElo "2312"]

1.d4 Nf6 2.c4 g6 3.Nc3 Bg7 4.e4 d6 5.Nf3 O-O 6.Be2 e5 7.O-O Nbd7 8.d5 Nc5
9.Qc2 a5 10.Bg5 h6 11.Be3 b6 12.Nd2 Bg4 13.Rae1 h5 14.h3 Bd7 15.Qb1 Nh7 16.Bd1
h4 17.Bc2 Qe7 18.f4 exf4 19.Bxf4 Be5 20.Bxe5 dxe5 21.Re3 Kg7 22.Qe1 Rh8 23.Nf3
Ng5 24.Ne2 Raf8 25.Qc3 Nxf3+ 26.Rexf3 f6 27.R3f2 Nb7 28.a3 a4 29.Kh1 Rh5
30.Ng1 Qc5 31.Bd3 Nd6 32.Rc2 Rg5 33.Nf3 Rg3 34.Nxe5 fxe5 35.Qxe5+ Kg8 36.Rxf8+
Kxf8 37.Qh8+ Kf7 38.Qh7+ Ke8 39.Qh8+ Kf7 40.Qh7+ Ke8 41.e5 Nf5 42.e6 Bxe6
43.Re2 Rxh3+ 44.gxh3 Ng3+ 45.Kg2 Nxe2 46.Bxg6+ Kd8 47.Qh8+ Kd7 48.Qe8+ {#r}
1-0

[Event "Ch Poland (juniors) (under 16)"]
[Site "Leba (Poland)"]
[Date "2006.03.29"]
[Round "7"]
[White "Balandynowicz Wojciech (POL)"]
[Black "Dubinski Mateusz (POL)"]
[Result "0-1"]
[WhiteElo "2001"]
[BlackElo "2046"]

1.d4 Nf6 2.c4 g6 3.Nc3 Bg7 4.e4 d6 5.Nf3 O-O 6.Be2 e5 7.O-O Nbd7 8.d5 Nc5
9.Nd2 a5 10.Qc2 Bh6 11.Nb3 Bxc1 12.Raxc1 Ne8 13.Nxc5 dxc5 14.f4 exf4 15.Rxf4
Qg5 16.Rcf1 Bd7 17.Qc1 Qe5 18.Qe3 b6 19.Nd1 Nd6 20.Qc3 Rae8 21.Qxe5 Rxe5
22.Bd3 Rfe8 23.Nc3 R8e7 24.R4f2 Kg7 25.b3 h5 26.Rf6 Nf5 27.d6 Nxd6 28.R6f4 Bc6
29.Rd1 g5 30.Rff1 Nxe4 31.Bxe4 Bxe4 32.Rd8 Bc6 33.Rfd1 Re3 34.R1d3 h4 35.Kf2
Rxd3 36.Rxd3 f5 37.g3 hxg3+ 38.hxg3 Kf6 39.Rd8 Rh7 40.Kg1 Ke5 41.Rd3 Rd7
42.Re3+ Kf6 43.Ne2 Re7 {#R} 0-1

[Event "Memorial Duras (open)"]
[Site "Brno (Czech Republic)"]
[Date "2006.07.01"]
[Round "1"]
[White "Riha Otmar (CZE)"]
[Black "Forthoffer Patrick (FRA)"]
[Result "0-1"]
[WhiteElo "1958"]
[BlackElo "2241"]

1.d4 Nf6 2.Nf3 g6 3.c4 Bg7 4.Nc3 d6 5.e4 O-O 6.Be2 e5 7.O-O Nbd7 8.d5 Nc5
9.Qc2 a5 10.Ne1 b6 11.f3 Nh5 12.Nd3 f5 13.Be3 Bd7 14.b3 Qh4 15.Bf2 Qg5 16.a3
Nf4 17.Nxf4 exf4 18.b4 fxe4 19.bxc5 Bh3 20.g3 fxg3 21.hxg3 exf3 22.Bd3 Bxf1
23.Bxf1 bxc5 24.Rb1 Rae8 25.Rb5 Bd4 26.Kh2 Re2 27.Bxe2 Bxf2 {#R} 0-1

[Event "Ch Great Britain (youth)"]
[Site "Swansea (Wales)"]
[Date "2006.08.10"]
[Round "5"]
[White "Thomas Joseff (WLS)"]
[Black "Hall Daniel J (ENG)"]
[Result "1-0"]
[WhiteElo "2025"]
[BlackElo "2059"]

1.d4 Nf6 2.c4 g6 3.Nc3 Bg7 4.e4 d6 5.Nf3 O-O 6.Be2 e5 7.O-O Nbd7 8.d5 Nc5
9.Nd2 a5 10.Rb1 Ne8 11.b3 f5 12.a3 Nf6 13.f3 Bh6 14.b4 Be3+ 15.Kh1 axb4
16.axb4 Ncd7 17.Nb3 Bxc1 18.Qxc1 f4 19.c5 Nh5 20.Kg1 Qh4 21.Nb5 Ng3 22.Re1 g5
23.Nxc7 Ra2 24.Nd2 Nxe2+ 25.Rxe2 Rf6 26.cxd6 Nf8 27.Ne6 Bxe6 28.dxe6 Rxe6
29.Qc8 Rh6 30.h3 g4 31.d7 {#r} 1-0

[Event "Memorial Georgiev-Kesarovski (open)"]
[Site "Sunny Beach (Bulgaria)"]
[Date "2006.09.02"]
[Round "1"]
[White "Ivanova Simoneta (BUL)"]
[Black "Ljangov Petar (BUL)"]
[Result "0-1"]
[WhiteElo "1936"]
[BlackElo "2150"]

1.d4 Nf6 2.Nf3 d6 3.c4 g6 4.Nc3 Bg7 5.e4 O-O 6.Be2 e5 7.O-O Nbd7 8.d5 h6 9.Ne1
Nh7 10.Nd3 f5 11.Re1 Ndf6 12.f3 f4 13.c5 Rf7 14.cxd6 cxd6 15.Qb3 Bf8 16.Bd2 g5
17.Nf2 h5 18.Qd1 Rg7 19.h3 Bd7 20.Rc1 Rc8 21.Kh1 g4 22.fxg4 hxg4 23.Nxg4 Nxg4
24.Bxg4 Bxg4 25.hxg4 Qh4+ 26.Kg1 Nf6 27.g5 Ng4 28.Qf3 Rh7 29.g3 Qh2+ 30.Kf1
Qxd2 31.Kg1 Qd4+ {#R} 0-1